Proceso contencioso de la villa de Castro contra el Conde de la dicha Villa, sobre el nombramiento de alcaldes en la dicha Villa

Detalles Bibliográficos
Otros Autores: Juan Pacheco Márquez de Villena
Formato: Libro
Publicado: villa de Castro, s.f.
Materias:
Colección:Banco de datos
Acervo:Biblioteca Palafoxiana. Colección de Manuscritos
Descripción Física:16 f. ; 20.5 x 29 cm.
Tema general:Civil
LEADER 00488nam a22001450004500
035 |a 798 
245 1 0 |a Proceso contencioso de la villa de Castro contra el Conde de la dicha Villa, sobre el nombramiento de alcaldes en la dicha Villa 
260 |a villa de Castro, s.f. 
300 |a 16 f. ; 20.5 x 29 cm. 
650 1 0 |a Civil 
700 1 |a Juan Pacheco Márquez de Villena 
949 |a 19679/006 
942 |c PALAMANU 
943 |g Biblioteca Palafoxiana. Colección de Manuscritos 
999 |c 1068743  |d 1068743